00609 2200229 4500001002100000005001700021008004100038035002400079082001200103090001700115245005400132260002800186300002600214500004600240650001400286700001900300850001300319980001500332985000600347986001100353999001500364YOGYA-0209000002111520090227023510.0 ind  0010-020900000021115 a615.892 a615.892bPed aPEDOMAN Akupuntur MediscHallym Calehr ...[et.al] aJakartabGramediac1986 a...jilidbilusc21 cm aYang diterima : jl.I. : Pengetahuan Dasar aAkupuntur aCalehr, Hallym aYOPDYOGB a31-07-2006 a1 artrwev a95P0062416